000 00628nam a2200193 i 4500
001 64616
003 ES-MaACL
005 20230906165154.0
007 t|
008 031230s1969 sp ||||1| spa d
100 1 _aFord, Clellan S.
_951697
245 1 0 _aConducta sexual de los animales inferiores al hombre /
_cClellan S. Ford, Frank A. Beach ; [traducido por José Luis Lana].
250 _a[1ª ed.].
260 _aBarcelona :
_b[Fontanella Bibliograf.],
_c1969.
300 _a329 p. :
_bil. ;
_c23 cm.
700 1 _aBeach, Frank A.
_926767
700 1 _aLana, José Luis.
_969884
852 _aES-MaACL
_jC-37941
_bR.71106
999 _c64616
_d64616